00913cam a22002657a 4500003000500000005001700005008004100022010001000063011001000073020001500083035001000098040000900108082002000117111006600137245014800203260004700351300002300398490003000421650002300451650002700474650003200501650003700533710004700570830003000617CHAP20220329141852.0980318d1993 es r 10110 spa d a75026 a75998 a847482119X a85572 cCHAP04a378.1bS44 199200aSeminario Universidad-Empresa (n19 :d1992 :cSegovia, Esp.)12aLa reforma de las titulaciones universitarias y su incidencia en el mundo de la empresa :bmesas redondasc/por Fundación Universidad-Empresa0 aMadrid :bConsejo de Universidades,c1993. a291 p. :bcuadros. 0aForum universidad-empresa14aReforma educativa.14aReforma universitaria.14aTitulación universitaria.14aUniversidadesxAdministración.0 aFundación Universidad-Empresa. España.00aForum universidad-empresa